[Event "4NCL Online Division 6"]
[Site "online"]
[Date "2020.09.08"]
[Round "2.102"]
[White "Jenkins, David R"]
[Black "Willoughby, Christopher"]
[Result "0-1"]
[WhiteElo "1532"]
[BlackElo "1742"]
[PlyCount "84"]
[EventDate "2020.09.08"]
[WhiteTeam "Lerryn Clowns"]
[BlackTeam "Brentwood B"]

1. e4 e5 2. Nf3 Nc6 3. Bc4 Bc5 4. c3 Nf6 5. d3 d6 6. h3 a6 7. Be3 Ba7 8. O-O
O-O 9. Qd2 Be6 10. Bxe6 fxe6 11. Ng5 Qe7 12. f4 exf4 13. Rxf4 Bxe3+ 14. Qxe3
Nh5 15. Rh4 Nf6 16. Nd2 Ne5 17. Rf1 Ng6 18. Nxh7 Nxh4 19. Nxf8 Rxf8 20. Qg5 Nd5
21. Rxf8+ Kxf8 22. Qxe7+ Nxe7 23. g3 Nhg6 24. Kf2 Ne5 25. d4 Nd3+ 26. Ke3 Nxb2
27. Nb3 b6 28. Nd2 Nd1+ 29. Kf3 Nxc3 30. a3 Nb5 31. e5 dxe5 32. dxe5 Nxa3 33.
Ke4 c5 34. g4 Nd5 35. Nf3 Nc2 36. Ng5 Nd4 37. h4 a5 38. Nxe6+ Nxe6 39. Kxd5
Nf4+ 40. Kc4 Ng6 41. e6 Nxh4 42. Kb5 Ke7 0-1

[Event "4NCL Online Division 6"]
[Site "online"]
[Date "2020.09.08"]
[Round "2.103"]
[White "Pert, Max"]
[Black "Jenkins, Simon"]
[Result "1-0"]
[WhiteElo "1787"]
[BlackElo "1472"]
[PlyCount "119"]
[EventDate "2020.09.08"]
[WhiteTeam "Brentwood B"]
[BlackTeam "Lerryn Clowns"]

1. d4 e5 2. dxe5 Qe7 3. Nc3 c6 4. Nf3 f6 5. exf6 Nxf6 6. Bg5 Qb4 7. Rb1 Be7 8.
e3 d5 9. Be2 O-O 10. O-O h6 11. Bf4 Nh5 12. Bg3 Bg4 13. Ne5 Bxe2 14. Qxe2 Nxg3
15. fxg3 Bf6 16. Qg4 Qe7 17. Ng6 Qxe3+ 18. Kh1 Na6 19. Nxf8 Rxf8 20. Qd7 Nc5
21. Qd6 Rd8 22. Qf4 Re8 23. Qxe3 Rxe3 24. Rbe1 Rxe1 25. Rxe1 Bxc3 26. bxc3 Ne4
27. c4 Kf7 28. Kg1 Ke6 29. cxd5+ cxd5 30. c4 Ke5 31. cxd5 Kxd5 32. Kf1 b5 33.
Ke2 a5 34. Kd3 Nc5+ 35. Ke3 Ne4 36. Rf1 g6 37. Kf4 Nc3 38. a3 Kc4 39. Ke5 b4
40. axb4 axb4 41. Kf6 b3 42. Kxg6 b2 43. Kxh6 b1=Q 44. Rxb1 Nxb1 45. g4 Nc3 46.
g5 Nd5 47. g6 Ne7 48. g7 Ng8+ 49. Kh7 Nf6+ 50. Kg6 Ng8 51. h4 Kd5 52. h5 Ke6
53. h6 Ne7+ 54. Kh7 Kf7 55. g4 Ng8 56. g5 Ne7 57. g6+ Kf6 58. g8=Q Nxg8 59.
Kxg8 Kxg6 60. h7 1-0

[Event "4NCL Online Division 6"]
[Site "online"]
[Date "2020.09.08"]
[Round "2.104"]
[White "Reid, Mark"]
[Black "Willoughby, Charlotte"]
[Result "0-1"]
[WhiteElo "1360"]
[BlackElo "1645"]
[PlyCount "106"]
[EventDate "2020.09.08"]
[WhiteTeam "Lerryn Clowns"]
[BlackTeam "Brentwood B"]

1. d4 Nf6 2. c4 e5 3. dxe5 Ng4 4. Nf3 Nc6 5. e3 Ngxe5 6. Be2 Bc5 7. a3 a5 8.
O-O O-O 9. b3 d6 10. Bb2 Qe7 11. Nc3 Bf5 12. Nd5 Qd7 13. Nxe5 Nxe5 14. Bxe5
dxe5 15. e4 Be6 16. Qc2 c6 17. Ne3 Qe7 18. Qc1 Qg5 19. Nc2 Qg6 20. Bf3 Rad8 21.
Rd1 Bb6 22. Ne3 Rxd1+ 23. Nxd1 Rd8 24. c5 Bc7 25. Qc2 f5 26. Ne3 f4 27. Nc4 Qf7
28. Rd1 Rxd1+ 29. Bxd1 Bxc4 30. Qxc4 Qxc4 31. bxc4 Bd8 32. Bg4 Be7 33. Bc8 Bxc5
34. Bxb7 Bxa3 35. Bxc6 Kf7 36. Kf1 Ke6 37. Ke2 Kd6 38. Bb5 Kc5 39. Kd3 Bb4 40.
f3 Be1 41. Ke2 Bc3 42. Kd3 Bd4 43. g3 fxg3 44. hxg3 Bf2 45. g4 Kb4 46. Kc2 a4
47. Kb2 a3+ 48. Ka2 Bc5 49. Ba6 Kc3 50. Bb5 Kd3 51. Ba6 Ke3 52. Bc8 Kxf3 53.
Bf5 g6 0-1

[Event "4NCL Online Division 6"]
[Site "online"]
[Date "2020.09.08"]
[Round "2.111"]
[White "Kumar, Sanjit S"]
[Black "Casinelli, Davide"]
[Result "1/2-1/2"]
[WhiteElo "1817"]
[BlackElo "1600"]
[PlyCount "124"]
[EventDate "2020.09.08"]
[WhiteTeam "KCJS"]
[BlackTeam "Cavan Crusaders"]

1. e4 c5 2. Nf3 e6 3. d4 c4 4. Bxc4 Qc7 5. Bd3 d6 6. O-O Nd7 7. Nc3 a6 8. Be3
Ngf6 9. Re1 Be7 10. Bg5 e5 11. dxe5 dxe5 12. Nd5 Nxd5 13. exd5 f6 14. Be3 O-O
15. b3 Nc5 16. Bc4 Bd6 17. Nd2 Bf5 18. a4 Kh8 19. Bf1 Rfd8 20. c4 a5 21. Nb1
Qb6 22. Nd2 Qb4 23. f3 Rac8 24. Kh1 Rd7 25. Ne4 Bxe4 26. Bxc5 Bxc5 27. Rxe4 Bd4
28. Rb1 b6 29. Bd3 g6 30. Rh4 Kg8 31. Qc2 Rg7 32. Re4 f5 33. Ree1 Qd6 34. Rbd1
Qc5 35. Qd2 Qd6 36. f4 Re7 37. Bc2 Rce8 38. Re2 Bc5 39. fxe5 Rxe5 40. Rde1 Rxe2
41. Rxe2 Rxe2 42. Qxe2 Kf7 43. g3 Qe7 44. Qxe7+ Kxe7 45. Kg2 Kf6 46. Kf3 Ke5
47. g4 fxg4+ 48. Kxg4 Be7 49. h4 h5+ 50. Kg3 g5 51. hxg5 Bxg5 52. Bg6 h4+ 53.
Kg4 Be7 54. Be8 Kd4 55. Bb5 Kc3 56. c5 bxc5 57. Bc4 Kd4 58. Kh3 Ke5 59. Kg4 Bd8
60. Kh3 Be7 61. Kg2 Kf4 62. Kh3 Ke5 1/2-1/2

[Event "4NCL Online Division 6"]
[Site "online"]
[Date "2020.09.08"]
[Round "2.112"]
[White "Nugent, Brian"]
[Black "Hill-Wood, T Wilfred D"]
[Result "1-0"]
[WhiteElo "1650"]
[BlackElo "1630"]
[PlyCount "93"]
[EventDate "2020.09.08"]
[WhiteTeam "Cavan Crusaders"]
[BlackTeam "KCJS"]

1. e4 e6 2. Bc4 d5 3. exd5 exd5 4. Bb3 Be6 5. d4 Bd6 6. Nc3 a6 7. Nxd5 Bxd5 8.
Bxd5 Bb4+ 9. c3 Bxc3+ 10. bxc3 Qxd5 11. Qf3 Nf6 12. Ba3 Qc4 13. Ne2 Nbd7 14.
Qxb7 Rb8 15. Qf3 Qd5 16. Qe3+ Qe6 17. Qxe6+ fxe6 18. Nf4 Kf7 19. O-O Nb6 20.
Rfe1 Rhe8 21. Re2 Nc4 22. Bc5 Nd7 23. Rae1 Nxc5 24. dxc5 e5 25. Nd3 h6 26. f4
exf4 27. Rxe8 Rxe8 28. Rxe8 Kxe8 29. Nxf4 Kd7 30. Kf2 Nb2 31. Ke3 g5 32. Nd3
Na4 33. Kd4 Ke6 34. Kc4 h5 35. Kb4 Kd5 36. Kxa4 Kc4 37. Nb4 g4 38. Nxa6 Kd3 39.
Nxc7 Ke2 40. Nd5 Kf2 41. Nf4 h4 42. c6 g3 43. hxg3 Kxg3 44. Ng6 Kxg2 45. Nxh4+
Kh3 46. Nf5 Kg4 47. Nd6 1-0

[Event "4NCL Online Division 6"]
[Site "online"]
[Date "2020.09.08"]
[Round "2.113"]
[White "Soulier, Alfred"]
[Black "Flynn-Connolly, Ruairi"]
[Result "1-0"]
[WhiteElo "1630"]
[BlackElo "1675"]
[PlyCount "112"]
[EventDate "2020.09.08"]
[WhiteTeam "KCJS"]
[BlackTeam "Cavan Crusaders"]

1. d4 Nf6 2. Nc3 d5 3. Bg5 Nbd7 4. Nf3 g6 5. e3 Bg7 6. Bd3 O-O 7. O-O c5 8. Re1
cxd4 9. exd4 Re8 10. Qd2 Nb6 11. a4 Nc4 12. Bxc4 dxc4 13. Ne5 Be6 14. Rad1 Bd5
15. Qe2 Rc8 16. Bf4 Qb6 17. Bc1 e6 18. f3 Red8 19. Qf2 Nd7 20. Nxd5 exd5 21. f4
Nf6 22. f5 Ne4 23. Qf4 g5 24. Qe3 Bxe5 25. dxe5 Qxe3+ 26. Bxe3 b6 27. c3 h6 28.
g4 Nc5 29. Bxc5 Rxc5 30. e6 fxe6 31. Rxe6 Ra5 32. Rxh6 Rxa4 33. Rg6+ Kf7 34.
Rxg5 Ra2 35. Rd2 Ra1+ 36. Kg2 Rd6 37. h4 Re1 38. h5 Re8 39. Kf3 a5 40. Re2 Rb8
41. Rh2 d4 42. cxd4 Rxd4 43. h6 Re8 44. Rg7+ Kf6 45. Rg6+ Kf7 46. Rxb6 Rd3+ 47.
Kf4 Rd4+ 48. Kg5 Rg8+ 49. Rg6 Rdd8 50. Rxg8 Rxg8+ 51. Kf4 a4 52. h7 Rh8 53. g5
Kg7 54. g6 Rc8 55. Kg5 Rf8 56. f6+ Kh8 1-0

[Event "4NCL Online Division 6"]
[Site "online"]
[Date "2020.09.08"]
[Round "2.114"]
[White "Ferguson, John M"]
[Black "Patel, Sen"]
[Result "1-0"]
[WhiteElo "1553"]
[BlackElo "1532"]
[PlyCount "95"]
[EventDate "2020.09.08"]
[WhiteTeam "Cavan Crusaders"]
[BlackTeam "KCJS"]

1. e4 c6 2. d4 d5 3. exd5 cxd5 4. Nf3 Bf5 5. Bd3 Bg6 6. O-O Nf6 7. c3 e6 8. Ne5
Bd6 9. Nxg6 fxg6 10. Re1 Qd7 11. Bg5 O-O 12. Nd2 Nc6 13. Nf3 Rae8 14. Ne5 Bxe5
15. dxe5 Ng4 16. Qxg4 Qc7 17. Bf4 Qb6 18. Bxg6 hxg6 19. Qxg6 Re7 20. Bg3 Qxb2
21. h4 Qxc3 22. h5 Rff7 23. h6 Qd2 24. h7+ Kh8 25. Re3 Nd4 26. Rae1 Nc2 27.
R3e2 Qxe1+ 28. Rxe1 Nxe1 29. Kf1 Nxg2 30. Kxg2 Rd7 31. Qxe6 Kxh7 32. Bf4 Rde7
33. Qh3+ Kg8 34. Bg3 Rf8 35. f4 d4 36. Bh4 Rd7 37. Qxd7 Rxf4 38. Kg3 Rf7 39.
Qxd4 b6 40. e6 Rc7 41. e7 Rxe7 42. Bxe7 g5 43. Bxg5 a6 44. Kg4 b5 45. Kf5 b4
46. Kg6 Kf8 47. Qd6+ Ke8 48. Qe7# 1-0

[Event "4NCL Online Division 6"]
[Site "online"]
[Date "2020.09.08"]
[Round "2.121"]
[White "Layhe, Neville"]
[Black "Hossain Mohammed, Ashraf"]
[Result "1/2-1/2"]
[WhiteElo "1682"]
[BlackElo "1750"]
[PlyCount "121"]
[EventDate "2020.09.08"]
[WhiteTeam "Crewe BOL"]
[BlackTeam "Enfield 1"]

1. d4 Nf6 2. e3 d5 3. Bd3 g6 4. Nd2 Bg7 5. c3 c6 6. f4 Ng4 7. Qe2 Nh6 8. Ngf3
Bf5 9. O-O O-O 10. e4 dxe4 11. Nxe4 Nd7 12. Ne5 Nb6 13. g4 Bxe5 14. gxf5 Bc7
15. fxg6 fxg6 16. Ng5 Qd6 17. Ne6 Rf6 18. Nxc7 Qxc7 19. f5 Nxf5 20. Bxf5 gxf5
21. Bf4 Qd7 22. Rae1 e6 23. Rf2 Rg6+ 24. Rg2 Re8 25. Be5 Kf7 26. Qh5 Reg8 27.
Kf2 Ke8 28. Reg1 Qf7 29. Rxg6 hxg6 30. Qg5 Nd7 31. h4 Nxe5 32. dxe5 Rh8 33. Rd1
Kf8 34. Rd8+ Kg7 35. Qf6+ Qxf6 36. exf6+ Kh7 37. Rd7+ Kh6 38. Re7 Rf8 39. Rxe6
Kh5 40. Kg3 g5 41. hxg5 Kxg5 42. Re7 Kxf6 43. Rxb7 Rg8+ 44. Kf3 Rd8 45. Rxa7
Rd3+ 46. Ke2 Rh3 47. Rb7 Ke5 48. a4 Rh2+ 49. Kf3 Rh3+ 50. Kg2 Rd3 51. a5 f4 52.
a6 Rd1 53. a7 Ra1 54. Kf3 Rf1+ 55. Ke2 Ra1 56. Kf3 Rf1+ 57. Ke2 Ra1 58. Rc7 Kd6
59. Rf7 Ke5 60. Rb7 Ra2 61. Kf3 1/2-1/2

[Event "4NCL Online Division 6"]
[Site "online"]
[Date "2020.09.08"]
[Round "2.122"]
[White "McNish, David"]
[Black "Michalek, Lukasz"]
[Result "1/2-1/2"]
[WhiteElo "1727"]
[BlackElo "1562"]
[PlyCount "129"]
[EventDate "2020.09.08"]
[WhiteTeam "Enfield 1"]
[BlackTeam "Crewe BOL"]

1. d4 f5 2. Nf3 Nf6 3. g3 b6 4. Bg2 Bb7 5. O-O e6 6. c4 Bd6 7. Nc3 O-O 8. b3
Nc6 9. Bb2 Bb4 10. a3 Bxc3 11. Bxc3 Ne4 12. Bb2 Ne7 13. Qc2 d6 14. Ng5 Nxg5 15.
Bxb7 Rb8 16. Bg2 d5 17. Rad1 Ng6 18. a4 Qd6 19. Qc1 Qd8 20. Qc2 c6 21. Qd3 Ne4
22. b4 Nd6 23. cxd5 cxd5 24. b5 Nc4 25. Bc3 f4 26. Rc1 Qg5 27. Bd2 Nxd2 28.
Qxd2 Rf7 29. Bh3 Re8 30. Rc6 Nf8 31. Rfc1 h5 32. Rc8 Rxc8 33. Rxc8 Qg6 34. Qc2
Qf6 35. gxf4 Qxf4 36. e3 Qg5+ 37. Kf1 Qf6 38. Re8 Re7 39. Rxe7 Qxe7 40. Qc8 Kf7
41. Qc2 Qd6 42. Kg1 g6 43. Bg2 Kf6 44. Bf1 Nh7 45. Qc6 Qb8 46. Bh3 Ng5 47. Bg2
Nf7 48. Bh3 Ng5 49. Bg2 Nf7 50. e4 dxe4 51. Qxe4 Qd6 52. Qf3+ Kg7 53. Qc3 Kh7
54. Qf3 Kg7 55. Qe3 e5 56. dxe5 Nxe5 57. Qc3 Kh7 58. Qe3 Ng4 59. Qg3 Qd1+ 60.
Bf1 Qxa4 61. Qc7+ Kh6 62. Qc1+ Kh7 63. Qc7+ Kh6 64. Qc1+ Kh7 65. Qc7+ 1/2-1/2

[Event "4NCL Online Division 6"]
[Site "online"]
[Date "2020.09.08"]
[Round "2.123"]
[White "Nienaber, Kobus"]
[Black "O'Caolaidhe, Cormac"]
[Result "1/2-1/2"]
[WhiteElo "1435"]
[BlackElo "1555"]
[PlyCount "85"]
[EventDate "2020.09.08"]
[WhiteTeam "Crewe BOL"]
[BlackTeam "Enfield 1"]

1. d4 d5 2. Nc3 Nf6 3. Bf4 Bf5 4. Nf3 c6 5. e3 e6 6. Bd3 Be7 7. Bxf5 exf5 8.
Qd3 Ne4 9. Be5 Bf6 10. Bxf6 Qxf6 11. Ne5 O-O 12. Nxe4 fxe4 13. Qb3 Qe7 14. h3
f6 15. Ng4 h5 16. Nh2 Qc7 17. c4 dxc4 18. Qxc4+ Qf7 19. Qxf7+ Rxf7 20. O-O Nd7
21. Rfc1 Nb6 22. Rc5 Nd5 23. Nf1 h4 24. Nd2 f5 25. Nc4 f4 26. exf4 Rxf4 27. Nd6
Raf8 28. Rc2 e3 29. fxe3 Nxe3 30. Re2 Rxd4 31. Nxb7 Nd5 32. Nc5 Nf4 33. Rc2
Rfd8 34. Nb3 Rd1+ 35. Rxd1 Rxd1+ 36. Kf2 Rd6 37. Na5 Nd3+ 38. Ke2 Nb4 39. Rc4
Re6+ 40. Kd2 Rd6+ 41. Ke2 Re6+ 42. Kd2 Rd6+ 43. Ke2 1/2-1/2

[Event "4NCL Online Division 6"]
[Site "online"]
[Date "2020.09.08"]
[Round "2.124"]
[White "Kapur, Gul"]
[Black "Crosby, Andrew"]
[Result "1-0"]
[WhiteElo "1532"]
[BlackElo "1442"]
[PlyCount "75"]
[EventDate "2020.09.08"]
[WhiteTeam "Enfield 1"]
[BlackTeam "Crewe BOL"]

1. d4 Nf6 2. c4 e5 3. Bg5 h6 4. Bh4 g5 5. Bg3 exd4 6. Qxd4 Nc6 7. Qe3+ Be7 8.
Nc3 Ng4 9. Qe4 d6 10. h4 f5 11. Qc2 f4 12. Qg6+ Kf8 13. hxg5 Nge5 14. Qe4 fxg3
15. Rxh6 gxf2+ 16. Kxf2 Ng4+ 17. Qxg4 Bxg4 18. Rxh8+ Kg7 19. Rxd8 Rxd8 20. Nf3
Bxf3 21. exf3 Bxg5 22. Nd5 Rd7 23. g3 Na5 24. f4 Bd8 25. b3 c6 26. Ne3 d5 27.
Bh3 Re7 28. Nf5+ Kg6 29. Nxe7+ Bxe7 30. Re1 Bc5+ 31. Kf3 dxc4 32. bxc4 Nxc4 33.
Bc8 Nd6 34. Re6+ Kf7 35. Bd7 Nf5 36. Re5 Nd4+ 37. Kg4 Nb5 38. Rxc5 1-0

[Event "4NCL Online Division 6"]
[Site "online"]
[Date "2020.09.08"]
[Round "2.131"]
[White "White, David"]
[Black "Putar, Slavko"]
[Result "0-1"]
[WhiteElo "1810"]
[BlackElo "1676"]
[PlyCount "54"]
[EventDate "2020.09.08"]
[WhiteTeam "Welwyn Hatfield"]
[BlackTeam "St Benildus D"]

1. e4 e6 2. d4 d5 3. Nc3 Bb4 4. e5 c5 5. a3 Bxc3+ 6. bxc3 Qa5 7. Qd2 Ne7 8. Nf3
b6 9. Bd3 Ba6 10. O-O Nbc6 11. Bxa6 Qxa6 12. a4 Rc8 13. Ba3 Na5 14. Qg5 Ng6 15.
h4 O-O 16. h5 h6 17. Qg4 Ne7 18. Nh4 Qc4 19. f4 Qxc3 20. f5 exf5 21. Nxf5 Nxf5
22. Qxf5 Nc4 23. Bc1 Qxa1 24. Bxh6 Qxd4+ 25. Kh1 Qh4+ 26. Kg1 gxh6 27. Rf4 Ne3
0-1

[Event "4NCL Online Division 6"]
[Site "online"]
[Date "2020.09.08"]
[Round "2.132"]
[White "Sweeney, Ronan"]
[Black "Smith, Andrew PE"]
[Result "1-0"]
[WhiteElo "1728"]
[BlackElo "1757"]
[PlyCount "75"]
[EventDate "2020.09.08"]
[WhiteTeam "St Benildus D"]
[BlackTeam "Welwyn Hatfield"]

1. d4 c5 2. e3 cxd4 3. exd4 d5 4. Nf3 Nf6 5. Bd3 Nc6 6. c3 e6 7. Bg5 h6 8. Bh4
Be7 9. Nbd2 O-O 10. Qe2 b6 11. O-O-O Qc7 12. h3 Nb4 13. Bb1 Ba6 14. Qe3 Nc6 15.
g4 Nd7 16. Bg3 Bd6 17. Rdg1 Bxg3 18. Rxg3 e5 19. g5 exd4 20. Nxd4 Nxd4 21. Qxd4
hxg5 22. Rxg5 g6 23. h4 Qc5 24. Qg4 Nf6 25. Rxg6+ fxg6 26. Qxg6+ Kh8 27. Rg1
Qe7 28. Nf3 Ne4 29. Ng5 Nxg5 30. hxg5 Qg7 31. Rh1+ Kg8 32. Qe6+ Rf7 33. g6 Raf8
34. gxf7+ Rxf7 35. Bg6 Be2 36. Bxf7+ Qxf7 37. Rh8+ Kg7 38. Rh7+ 1-0

[Event "4NCL Online Division 6"]
[Site "online"]
[Date "2020.09.08"]
[Round "2.133"]
[White "Elder, Kidge"]
[Black "Kashanin, Daniil"]
[Result "0-1"]
[WhiteElo "1615"]
[BlackElo "1359"]
[PlyCount "120"]
[EventDate "2020.09.08"]
[WhiteTeam "Welwyn Hatfield"]
[BlackTeam "St Benildus D"]

1. d4 Nf6 2. e3 g6 3. Nd2 Bg7 4. c3 d6 5. Bd3 O-O 6. Ne2 e5 7. O-O Be6 8. e4
exd4 9. Nxd4 Bd7 10. Qb3 b6 11. Re1 Re8 12. f3 c5 13. Ne2 Nc6 14. a3 Be6 15. c4
Ne5 16. Nf4 Nfd7 17. Bf1 Qg5 18. Nd5 Bxd5 19. exd5 Qh5 20. Ne4 f5 21. Ng3 Qh4
22. Be3 f4 23. Bxf4 Qxf4 24. Ne4 Nf6 25. Nxd6 Red8 26. Ne4 Nxe4 27. Rxe4 Qf6
28. Rb1 Rd6 29. Qc2 Rad8 30. Rbe1 Nxf3+ 31. gxf3 Qxf3 32. Bg2 Qf7 33. Bh3 Bd4+
34. Kg2 Qf6 35. Be6+ Kg7 36. Rf1 Qg5+ 37. Rg4 Qh6 38. Rf7+ Kh8 39. Qe2 Rf8 40.
Rxf8+ Qxf8 41. Rxd4 Rxe6 42. Qxe6 cxd4 43. Qe5+ Qg7 44. Qe8+ Qg8 45. Qxg8+ Kxg8
46. Kf2 Kf7 47. Ke2 Kf6 48. Kd3 Ke5 49. b4 h5 50. a4 g5 51. a5 bxa5 52. bxa5 g4
53. Ke2 h4 54. Kf2 d3 55. a6 g3+ 56. hxg3 hxg3+ 57. Kf1 d2 58. Ke2 g2 59. d6
Kxd6 60. Kxd2 g1=Q 0-1

[Event "4NCL Online Division 6"]
[Site "online"]
[Date "2020.09.08"]
[Round "2.134"]
[White "Kashanin, Dimitry"]
[Black "Sims, Tony J"]
[Result "0-1"]
[WhiteElo "948"]
[BlackElo "1600"]
[PlyCount "120"]
[EventDate "2020.09.08"]
[WhiteTeam "St Benildus D"]
[BlackTeam "Welwyn Hatfield"]

1. e4 c5 2. Nf3 d6 3. d4 cxd4 4. Nxd4 a6 5. Nc3 Nf6 6. h3 e5 7. Nf3 h6 8. Bc4
Be6 9. Bxe6 fxe6 10. O-O g5 11. Nh2 Qe7 12. Qf3 Bg7 13. a4 Nc6 14. Ne2 O-O 15.
h4 Nh7 16. Qh5 Nf6 17. Qg6 Nh7 18. hxg5 Nxg5 19. Ng4 Kh8 20. Qh5 Qf7 21. Qh4
Qg6 22. Bxg5 Qxg5 23. Qxg5 hxg5 24. Rad1 Rad8 25. c3 Kh7 26. b4 Ne7 27. Rd3 Kg6
28. Rfd1 Nc8 29. c4 Rf7 30. c5 Rfd7 31. Nc3 Kf7 32. b5 Ke7 33. cxd6+ Rxd6 34.
Rxd6 Rxd6 35. Rxd6 Kxd6 36. bxa6 bxa6 37. g3 Kc5 38. Kf1 Kb4 39. Na2+ Kxa4 40.
Nc3+ Kb4 41. Na2+ Kc5 42. Ke2 Ne7 43. Kd3 Nc6 44. Ke3 Nd4 45. f4 exf4+ 46. gxf4
gxf4+ 47. Kxf4 Nc6 48. Nc1 Nd4 49. Ke3 a5 50. Kd3 a4 51. Na2 Nc6 52. Nf2 Nb4+
53. Nxb4 Kxb4 54. Kc2 Bd4 55. Nd3+ Kc4 56. Nc1 a3 57. Na2 Bb2 58. Kd2 Kb3 59.
Nc1+ Bxc1+ 60. Kxc1 a2 0-1

[Event "4NCL Online Division 6"]
[Site "online"]
[Date "2020.09.08"]
[Round "2.141"]
[White "Willis, Toby W"]
[Black "Brightley-Davies, Ciaran"]
[Result "0-1"]
[WhiteElo "1930"]
[BlackElo "1592"]
[PlyCount "68"]
[EventDate "2020.09.08"]
[WhiteTeam "Cornish Pirates"]
[BlackTeam "Kent KJCA Kestrels E"]

1. d4 e6 2. c4 Nf6 3. Nc3 Bb4 4. Qc2 b6 5. e4 Bb7 6. Bd3 Bxc3+ 7. bxc3 d6 8.
Nf3 Nbd7 9. O-O e5 10. Re1 O-O 11. Bg5 h6 12. Bh4 Qe8 13. Rad1 Nh5 14. Nd2 Nf4
15. Bf1 Ng6 16. Bg3 Nf6 17. f3 Nh5 18. Bf2 Qe7 19. Kh1 Bc8 20. g4 Nhf4 21. d5
Qg5 22. Be3 h5 23. gxh5 Qxh5 24. Rb1 Nh4 25. Bxf4 exf4 26. Be2 Bh3 27. Rg1 Rae8
28. Rbe1 Re5 29. Qd1 Rg5 30. a3 Ng2 31. Bf1 Nxe1 32. Rxg5 Qxg5 33. Bxh3 Nd3 34.
Qe2 Qh4 0-1

[Event "4NCL Online Division 6"]
[Site "online"]
[Date "2020.09.08"]
[Round "2.142"]
[White "Ratnesan, Radha"]
[Black "Jiménez Patiño, Manuel David"]
[Result "1-0"]
[WhiteElo "1622"]
[BlackElo "1750"]
[PlyCount "59"]
[EventDate "2020.09.08"]
[WhiteTeam "Kent KJCA Kestrels E"]
[BlackTeam "Cornish Pirates"]

1. d4 c5 2. d5 e6 3. dxe6 fxe6 4. Nf3 Nc6 5. Bf4 Nf6 6. Nc3 Be7 7. e3 a6 8. Be2
O-O 9. O-O b5 10. Nd2 Bb7 11. Nce4 Nxe4 12. Nxe4 d5 13. Nc3 b4 14. Na4 c4 15.
c3 a5 16. b3 bxc3 17. Nxc3 cxb3 18. Qxb3 Qd7 19. Rab1 Bb4 20. Na4 Qe7 21. a3
Bxa3 22. Qxb7 Qxb7 23. Rxb7 e5 24. Bg3 Rfe8 25. Bb5 Re6 26. Rb6 Rc8 27. Ra1 Bb4
28. Rc1 Na7 29. Rxc8+ Nxc8 30. Rxe6 1-0

[Event "4NCL Online Division 6"]
[Site "online"]
[Date "2020.09.08"]
[Round "2.143"]
[White "Kostadinov, Boris K"]
[Black "Langley, Anthony M"]
[Result "1-0"]
[WhiteElo "1660"]
[BlackElo "1577"]
[PlyCount "57"]
[EventDate "2020.09.08"]
[WhiteTeam "Cornish Pirates"]
[BlackTeam "Kent KJCA Kestrels E"]

1. d4 e6 2. Nf3 b6 3. Bf4 Bb7 4. e3 Be7 5. c4 h6 6. Bg3 Na6 7. a3 c5 8. Bd3
cxd4 9. exd4 d5 10. cxd5 Qxd5 11. Qa4+ Kf8 12. Bxa6 Qe4+ 13. Be2 Bc6 14. Qd1
Rd8 15. Nc3 Qg6 16. Qd3 f5 17. Ne5 Qe8 18. O-O Bc5 19. Nxc6 Qxc6 20. Be5 Ne7
21. Qg3 Rg8 22. dxc5 Qxc5 23. Rad1 Nd5 24. Nxd5 Rxd5 25. Rxd5 Qxd5 26. Bf3 Qd2
27. Rd1 Qc2 28. Qg6 Qc8 29. Bh5 1-0

[Event "4NCL Online Division 6"]
[Site "online"]
[Date "2020.09.08"]
[Round "2.144"]
[White "Oprea, Danny"]
[Black "Jones, Bryan"]
[Result "1/2-1/2"]
[WhiteElo "1382"]
[BlackElo "1607"]
[PlyCount "95"]
[EventDate "2020.09.08"]
[WhiteTeam "Kent KJCA Kestrels E"]
[BlackTeam "Cornish Pirates"]

1. c4 e6 2. g3 d5 3. cxd5 exd5 4. d4 c6 5. Bg2 Nf6 6. Nc3 Bf5 7. Bg5 Nbd7 8.
Nf3 h6 9. Bxf6 Nxf6 10. O-O Bd6 11. Qb3 Qc7 12. Rac1 Qb6 13. Qxb6 axb6 14. a3
b5 15. h3 Bh7 16. Nd2 O-O 17. e4 Nxe4 18. Ndxe4 Bxe4 19. Nxe4 dxe4 20. Bxe4
Rfe8 21. Bg2 Re2 22. b4 Rxa3 23. d5 Raa2 24. Bf3 Red2 25. dxc6 bxc6 26. Bxc6
Bxb4 27. Bxb5 Bd6 28. Bc6 Rac2 29. Rxc2 Rxc2 30. Be4 Re2 31. Bf3 Rd2 32. Rc1 g6
33. Rd1 Rxd1+ 34. Bxd1 h5 35. Kg2 Kg7 36. Bb3 Kf6 37. Kf3 Bc7 38. g4 hxg4+ 39.
hxg4 Bd6 40. Ke4 Bc5 41. f4 Ke7 42. f5 gxf5+ 43. Kxf5 Be3 44. g5 Bxg5 45. Kxg5
f6+ 46. Kf5 Kd6 47. Ba2 Kc5 48. Kxf6 1/2-1/2

[Event "4NCL Online Division 6"]
[Site "online"]
[Date "2020.09.08"]
[Round "2.151"]
[White "Nakano, Kazumasa"]
[Black "Shaw, John S"]
[Result "0-1"]
[WhiteElo "1510"]
[BlackElo "1735"]
[PlyCount "60"]
[EventDate "2020.09.08"]
[WhiteTeam "Barnet Knights D"]
[BlackTeam "Ashfield Anonymous D"]

1. e4 c5 2. Bc4 Nc6 3. Nf3 e6 4. Nc3 Nf6 5. d3 Qc7 6. Bg5 Be7 7. Qd2 O-O 8.
O-O-O a6 9. d4 cxd4 10. Nxd4 b5 11. Nxc6 dxc6 12. Bb3 c5 13. e5 Qxe5 14. Bf4
Qf5 15. Rde1 Nh5 16. Bd6 Rd8 17. Re5 Rxd6 18. Rxf5 Rxd2 19. Rxh5 Rxf2 20. Ne4
Rxg2 21. Nxc5 g6 22. Re5 Bd6 23. Nxe6 Bxe5 24. Bd5 Bxe6 25. Bxg2 Rd8 26. Re1
Bf4+ 27. Kb1 Rd2 28. Bb7 Bf5 29. Bxa6 Rxc2 30. Ka1 Be5 0-1

[Event "4NCL Online Division 6"]
[Site "online"]
[Date "2020.09.08"]
[Round "2.152"]
[White "Taylor, Robert P"]
[Black "Gaekwad, Ankit"]
[Result "1/2-1/2"]
[WhiteElo "1735"]
[BlackElo "1450"]
[PlyCount "52"]
[EventDate "2020.09.08"]
[WhiteTeam "Ashfield Anonymous D"]
[BlackTeam "Barnet Knights D"]

1. d4 Nf6 2. Bg5 d6 3. e3 g6 4. Bd3 Bg7 5. Nd2 Nc6 6. c3 O-O 7. Ngf3 e5 8. d5
Ne7 9. e4 Bd7 10. O-O Ne8 11. Bxe7 Qxe7 12. c4 f5 13. exf5 Bxf5 14. Ne4 Nf6 15.
Nfd2 Nxe4 16. Nxe4 Bxe4 17. Bxe4 Rf4 18. Qd3 Raf8 19. f3 b6 20. Rae1 Qd8 21. b4
a6 22. a4 Qd7 23. Qb3 Kh8 24. Bd3 Qc8 25. Re4 Rxe4 26. Bxe4 Rf4 1/2-1/2

[Event "4NCL Online Division 6"]
[Site "online"]
[Date "2020.09.08"]
[Round "2.153"]
[White "Gardner, Kai"]
[Black "Hardman, Daniel"]
[Result "0-1"]
[WhiteElo "1390"]
[BlackElo "1675"]
[PlyCount "92"]
[EventDate "2020.09.08"]
[WhiteTeam "Barnet Knights D"]
[BlackTeam "Ashfield Anonymous D"]

1. e4 c5 2. c3 Nc6 3. d4 d5 4. exd5 Qxd5 5. Nf3 Bg4 6. Be3 Bxf3 7. Qxf3 Qxf3 8.
gxf3 cxd4 9. cxd4 e6 10. Nc3 Nf6 11. Bd3 Bd6 12. a3 O-O 13. h4 a6 14. Rg1 g6
15. Bg5 Nh5 16. Bh6 Rfe8 17. Ne4 Bf8 18. Bg5 Nxd4 19. Be2 Nc2+ 20. Kf1 Nxa1 21.
Nf6+ Nxf6 22. Bxf6 Bg7 23. Bg5 Nc2 24. h5 Nd4 25. hxg6 Nxe2 26. Kxe2 hxg6 27.
b3 Rac8 28. Kf1 Rc2 29. Kg2 Rec8 30. Kf1 Ra2 31. a4 Ra1+ 32. Kg2 Rxg1+ 33. Kxg1
Rc3 34. Kg2 Rxb3 35. Kg3 b5 36. axb5 axb5 37. Kg4 b4 38. Bc1 Rb1 39. Bd2 b3 40.
Kf4 Bh6+ 41. Kg3 Bxd2 42. Kg2 b2 43. Kg3 Rg1+ 44. Kh2 b1=Q 45. Kh3 Qf1+ 46. Kh4
Bg5# 0-1

[Event "4NCL Online Division 6"]
[Site "online"]
[Date "2020.09.08"]
[Round "2.154"]
[White "Fraser, Chris"]
[Black "Dharan, Arjun Aditya"]
[Result "1-0"]
[WhiteElo "1645"]
[BlackElo "1367"]
[PlyCount "133"]
[EventDate "2020.09.08"]
[WhiteTeam "Ashfield Anonymous D"]
[BlackTeam "Barnet Knights D"]

1. e4 d6 2. d4 g6 3. Nc3 Nc6 4. Nf3 Bg7 5. h3 Nf6 6. Be3 O-O 7. e5 dxe5 8. dxe5
Qxd1+ 9. Rxd1 Nd7 10. e6 fxe6 11. Nb5 Bxb2 12. Nxc7 Bc3+ 13. Bd2 Bxd2+ 14. Rxd2
Rb8 15. Nxe6 Rf6 16. Nc7 Nb4 17. Bc4+ Kg7 18. O-O Nf8 19. Ne8+ Kh8 20. Nxf6
exf6 21. Rd8 Kg7 22. Re1 Nc6 23. Rde8 b5 24. Bd5 Nb4 25. Bb3 a5 26. R1e7+ Kh6
27. Rxf8 a4 28. Bg8 Rb7 29. Rxb7 Bxb7 30. Rf7 Bxf3 31. Rxh7+ Kg5 32. gxf3 Nxc2
33. Rc7 Nd4 34. Kg2 a3 35. Rc5+ f5 36. Rd5 Nc2 37. Rxb5 Kf4 38. Rc5 Nd4 39. Rc4
Ke5 40. Ra4 Nc2 41. Bb3 Na1 42. Rxa3 Kd4 43. Bf7 g5 44. Ra5 g4 45. fxg4 f4 46.
Ra4+ Ke5 47. f3 Nc2 48. Re4+ Kf6 49. Rxf4+ Kg5 50. Kg3 Ne3 51. h4+ Kh6 52. g5+
Kg7 53. g6 Nf1+ 54. Kf2 Nd2 55. a4 Nb3 56. Rb4 Nc1 57. Rb7 Nd3+ 58. Kg3 Nc5 59.
Ra7 Nd3 60. a5 Ne5 61. Be8+ Kf8 62. Ra8 Kg7 63. a6 Nc4 64. Bf7 Nb6 65. Rg8+ Kh6
66. a7 Kh5 67. Rh8# 1-0